| 000 | 00758nam a2200217 a 4500 | ||
|---|---|---|---|
| 003 | 0 | ||
| 005 | 20250204101014.0 | ||
| 008 | 130824s19uu xx 00 eng d | ||
| 050 |
_aPHS HQ 503 _b.K16 2013 |
||
| 100 | _aKang, Ji-ae | ||
| 245 |
_aFamily values and morality among Koreans and Filipinos / _cKang, Ji-ae. |
||
| 260 |
_aLas PiƱas City, Philippines : _bSouthville International School and Colleges, _c2013. |
||
| 300 |
_a49 p. : _bill. ; _c28 cm. |
||
| 504 | _aIncludes bibliographical references. | ||
| 650 |
_aFamilies _zKorea. |
||
| 650 |
_aFamilies _vPhilippines. |
||
| 650 |
_aFamily values _vCross-cultural studies. |
||
| 650 |
_aIntercultural communication _vFamily relationships. |
||
| 650 |
_aEthics _vSocial aspects. |
||
| 942 |
_2lcc _cPASS |
||
| 999 |
_c98963 _d98963 |
||